00427nam a2200121 a 4500008004100000020001800041050001500059100001800074245005000092260004500142300003400187650008400221211208s2010 ||||||||||||||||| || u a9781349325672 aHG 181 Moo aMoosa, Imad A14aThe Myth of too big to failcBy Imad A. Moosa aUnited KingdombPalgrave Macmillanc2010 axvi, 223 pages: illustrations aFINANCIAL INSTITUTIONS--GOVERNMANT POLICY--UNITED STATES--HISTORY--21ST CENTURY